"Ders çalışmaktan nefret ediyorum?" : (Record no. 18419)
[ view plain ]
| 000 -LEADER | |
|---|---|
| fixed length control field | 01240nmm a2200349 a 4500 |
| 001 - CONTROL NUMBER | |
| control field | ocm0001916530 |
| 003 - CONTROL NUMBER IDENTIFIER | |
| control field | TR-IsHL |
| 005 - DATE AND TIME OF LATEST TRANSACTION | |
| control field | 20201028174924.0 |
| 008 - FIXED-LENGTH DATA ELEMENTS--GENERAL INFORMATION | |
| fixed length control field | 180924s2017 tu tur |
| 007 - PHYSICAL DESCRIPTION FIXED FIELD--GENERAL INFORMATION | |
| fixed length control field | cr cn |
| 020 ## - INTERNATIONAL STANDARD BOOK NUMBER | |
| International Standard Book Number | 9789757560678 |
| 035 ## - SYSTEM CONTROL NUMBER | |
| System control number | 1916530 |
| -- | (N$T) |
| 050 04 - LIBRARY OF CONGRESS CALL NUMBER | |
| Classification number | LB1049 |
| Item number | .A23 2017 |
| 090 04 - LOCALLY ASSIGNED LC-TYPE CALL NUMBER (OCLC); LOCAL CALL NUMBER (RLIN) | |
| Classification number (OCLC) (R) ; Classification number, CALL (RLIN) (NR) | LB1049 |
| Local cutter number (OCLC) ; Book number/undivided call number, CALL (RLIN) | .A23 2017 |
| 100 1# - MAIN ENTRY--PERSONAL NAME | |
| Personal name | Abdussamed, M. Kamil |
| 245 10 - TITLE STATEMENT | |
| Title | "Ders çalışmaktan nefret ediyorum?" : |
| Remainder of title | verimli ders çalışma metodları |
| Medium | [electronic resource] / |
| Statement of responsibility, etc. | M. Kamil Abdussamed ; çeviren Savaş Kocabaş ; editör Naci Bektaş |
| 250 ## - EDITION STATEMENT | |
| Edition statement | 4. Baskı |
| 260 ## - PUBLICATION, DISTRIBUTION, ETC. | |
| Place of publication, distribution, etc. | İstanbul : |
| Name of publisher, distributor, etc. | İnkılab Yayınları, |
| Date of publication, distribution, etc. | 2017 |
| 300 ## - PHYSICAL DESCRIPTION | |
| Extent | 160 p. |
| 500 ## - GENERAL NOTE | |
| General note | Özgün adı: Saykolociyatu'l -Müzakere: Keyfe testezkir ve Tetefevvak. |
| 650 #4 - SUBJECT ADDED ENTRY--TOPICAL TERM | |
| Topical term or geographic name entry element | Eğitim |
| 650 #4 - SUBJECT ADDED ENTRY--TOPICAL TERM | |
| Topical term or geographic name entry element | Education |
| 650 #0 - SUBJECT ADDED ENTRY--TOPICAL TERM | |
| Topical term or geographic name entry element | Ders çalışma |
| General subdivision | Metodoloji |
| 650 #0 - SUBJECT ADDED ENTRY--TOPICAL TERM | |
| Topical term or geographic name entry element | Eğitim psikolojisi |
| 650 #0 - SUBJECT ADDED ENTRY--TOPICAL TERM | |
| Topical term or geographic name entry element | Educational psychology |
| 650 #0 - SUBJECT ADDED ENTRY--TOPICAL TERM | |
| Topical term or geographic name entry element | Öğrenme psikolojisi |
| 650 #0 - SUBJECT ADDED ENTRY--TOPICAL TERM | |
| Topical term or geographic name entry element | Learning, Psychology of |
| 650 #7 - SUBJECT ADDED ENTRY--TOPICAL TERM | |
| Topical term or geographic name entry element | EDUCATION / Educational Psychology |
| Source of heading or term | bisacsh |
| 700 1# - ADDED ENTRY--PERSONAL NAME | |
| Personal name | Kocabaş, Savaş |
| 700 1# - ADDED ENTRY--PERSONAL NAME | |
| Personal name | Bektaş, Naci |
| 856 40 - ELECTRONIC LOCATION AND ACCESS | |
| Uniform Resource Identifier | <a href="http://search.ebscohost.com/login.aspx?direct=true&scope=site&db=e011xww&AN=1916530">http://search.ebscohost.com/login.aspx?direct=true&scope=site&db=e011xww&AN=1916530</a> |
No items available.
